000 00927cab a2200289 4500
001 ABS57627
008 090401t1997 xxu||||| |||| 00| 0 eng d
035 _a(Sirsi) u81002
041 _aeng
100 _aLangdon, M.
245 _aNegotiating the most in lease agreements
260 _c1997
350 _a0
490 _aProperty Week
_v60(9) 22 August 1997, 14-15(2)
520 _aAdvice for landlords and tenants on negotiating lease agreements for commercial property. Case law.
650 _aAGREEMENT FOR LEAVE
650 _aCHATTEY V FARNDALE HOLDINGS INC
650 _aLANDLORD AND TENANT (COVENANTS) ACT 1995
650 _aLAW OF PROPERTY (MISCELLANEOUS PROVISIONS) ACT 1989
650 _aLAW OF PROPERTY ACT 1925
650 _aLEASE AGREEMENTS
650 _aSUBJECT TO CONTRACT
690 _aLANDLORD AND TENANT-BUSINESS TENANCIES
700 _aWhite, G.
942 _n0
948 _c22/09/1997
999 _c51030
_d51030